<?xml version="1.0" encoding="UTF-8"?>
<record
    xmlns:xsi="http://www.w3.org/2001/XMLSchema-instance"
    xsi:schemaLocation="http://www.loc.gov/MARC21/slim http://www.loc.gov/standards/marcxml/schema/MARC21slim.xsd"
    xmlns="http://www.loc.gov/MARC21/slim">

  <leader>00187nam a2200085   4500</leader>
  <controlfield tag="001">1300983</controlfield>
  <controlfield tag="005">20260422145055.0</controlfield>
  <datafield tag="245" ind1=" " ind2=" ">
    <subfield code="a">NEH&#x130;RLE M&#xDC;CADELE</subfield>
    <subfield code="c">BEAR GRYLLS</subfield>
  </datafield>
  <datafield tag="260" ind1=" " ind2=" ">
    <subfield code="b">T&#x130;MA&#x15E; &#xC7;OCUK</subfield>
  </datafield>
  <datafield tag="999" ind1=" " ind2=" ">
    <subfield code="c">1300983</subfield>
    <subfield code="d">1300983</subfield>
  </datafield>
  <datafield tag="952" ind1=" " ind2=" ">
    <subfield code="0">0</subfield>
    <subfield code="1">0</subfield>
    <subfield code="2">ddc</subfield>
    <subfield code="4">0</subfield>
    <subfield code="7">0</subfield>
    <subfield code="a">1011</subfield>
    <subfield code="b">1011</subfield>
    <subfield code="d">2026-04-22</subfield>
    <subfield code="l">1</subfield>
    <subfield code="p">10115149</subfield>
    <subfield code="q">2026-05-07</subfield>
    <subfield code="r">2026-04-22 14:51:21</subfield>
    <subfield code="s">2026-04-22</subfield>
    <subfield code="w">2026-04-22</subfield>
    <subfield code="y">BK</subfield>
  </datafield>
</record>
